Construction and working of a pilot smoke house for small estates (Record no. 56202)

MARC details
000 -LEADER
fixed length control field 00386nam a2200145Ia 4500
100 ## - MAIN ENTRY--AUTHOR NAME
Personal name Cherian P P
245 #0 - TITLE STATEMENT
Title Construction and working of a pilot smoke house for small estates
260 ## - PUBLICATION, DISTRIBUTION, ETC. (IMPRINT)
Name of publisher Rubber Board Bulletin
Year of publication 1965
300 ## - PHYSICAL DESCRIPTION
Number of Pages 100-104
650 ## - SUBJECT ADDED ENTRY--TOPICAL TERM
Topical Term Rubber
650 ## - SUBJECT ADDED ENTRY--TOPICAL TERM
Topical Term Small holders
650 ## - SUBJECT ADDED ENTRY--TOPICAL TERM
Topical Term Smoke house
942 ## - ADDED ENTRY ELEMENTS (KOHA)
Koha item type Journals
Holdings
Withdrawn status Lost status Damaged status Not for loan Home library Current library Shelving location Date acquired Serial Enumeration / chronology Koha item type
      Journals RRII Library RRII Library Rubber chemistry 17/12/2021 Volume 8, Issue 2 Journals